Neutral European Countries of the Cold War with a Map - Statistics

General Stats
  • This quiz has been taken 263 times
  • The average score is 11 of 12
Answers on the Map
Answers color-coded by a green-red scale on the quiz's map according to % correct below.
 
Answer Stats
Country % Correct
Ireland
100%
Finland
99%
Sweden
98%
Switzerland
98%
Yugoslavia
96%
Austria
95%
Andorra
85%
Liechtenstein
84%
San Marino
84%
Vatican City
82%
Monaco
80%
Malta
70%
No matching quizzes found
Score Distribution
Percent of People with Each Score
Percentile by Number Answered
Your Score History
You have not taken this quiz